[Event "Qazvin Cup 10th"]
[Site "Qazvin"]
[Date "2022.07.29"]
[Round "7"]
[White "Mahdavi, Reza"]
[Black "Sedaghati, Mehrdad"]
[Result "1-0"]
[WhiteElo "2302"]
[BlackElo "2071"]
[PlyCount "119"]
[EventDate "2022.07.25"]
[EventType "swiss"]
[EventRounds "9"]
[EventCountry "IRI"]
[SourceTitle "EXT 2023"]
[Source "ChessBase"]
[SourceDate "2022.10.05"]
[SourceVersion "1"]
[SourceVersionDate "2022.10.05"]
[SourceQuality "1"]

1. e4 c5 2. Nf3 d6 3. Bb5+ Nd7 4. Ba4 Ngf6 5. Qe2 a6 6. c4 g6 7. Nc3 Bg7 8. 0-0 0-0 9. h3 b5 10. cxb5 Nb6 11. Bc2 axb5 12. Nxb5 Ba6 13. a4 Qd7 14. Ra3 Rfc8 15. d4 cxd4 16. Nfxd4 Nfd5 17. exd5 Bxd4 18. Rd1 Bf6 19. Bd3 Nxd5 20. Qf3 Nb4 21. Bf1 Bb7 22. Qb3 Nd5 23. Bh6 e6 24. Raa1 Be5 25. Rac1 Qe7 26. Rxc8+ Rxc8 27. Nd4 Ba8 28. Nf3 Bf4 29. Bxf4 Nxf4 30. g3 Nh5 31. Qe3 Qb7 32. Bg2 Qxb2 33. Rxd6 Qa1+ 34. Kh2 Bd5 35. Ng5 Bxg2 36. Kxg2 Ng7 37. Qa7 Qf6 38. Qb7 Rf8 39. Nf3 Nf5 40. Rd2 Qa1 41. Qb3 Qc1 42. Qb6 Qa1 43. a5 e5 44. Rd8 e4 45. Rxf8+ Kxf8 46. Qb8+ Kg7 47. Qe5+ Qxe5 48. Nxe5 Ne7 49. a6 Nc8 50. Nc6 Kf6 51. a7 Nb6 52. Kf1 Ke6 53. Ke2 f5 54. Ke3 Kd5 55. Nd8 Na8 56. Nf7 Nc7 57. Ng5 Kc6 58. Nxh7 Kb7 59. Nf8 Kxa7 60. Nxg6 1-0

[Event "Rasht Gilan Cup 1st"]
[Site "Rasht"]
[Date "2022.07.13"]
[Round "6"]
[White "Rasulov, Vugar Ural Oglu"]
[Black "Sedaghati, Mehrdad"]
[Result "1-0"]
[WhiteElo "2458"]
[BlackElo "2071"]
[PlyCount "53"]
[EventDate "2022.07.09"]
[EventType "swiss"]
[EventRounds "9"]
[EventCountry "IRI"]
[SourceTitle "CBM 209 Extra"]
[Source "ChessBase"]
[SourceDate "2022.09.30"]
[SourceVersion "1"]
[SourceVersionDate "2022.09.30"]
[SourceQuality "1"]

1. d4 Nf6 2. Nf3 d5 3. g3 e6 4. Bg2 Be7 5. 0-0 0-0 6. c4 dxc4 7. Qa4 a6 8. Qxc4 b5 9. Qc2 Bb7 10. Bd2 Nbd7 11. Ba5 Bd6 12. Nbd2 Nb6 13. Rfe1 Nfd7 14. Rac1 Ra7 15. e4 Ba8 16. b4 Qe7 17. a3 e5 18. Qb3 Bb7 19. Qe3 f6 20. Nb3 Raa8 21. Nfd2 Rac8 22. Nc5 Rb8 23. d5 f5 24. exf5 Bxc5 25. bxc5 Nxd5 26. Qb3 c6 27. Bxd5+ 1-0

[Event "IRI-ch blitz"]
[Site "Lorestan"]
[Date "2019.11.14"]
[Round "2"]
[White "Efafi, Ebrahim"]
[Black "Sedaghati, Mehrdad"]
[Result "0-1"]
[WhiteElo "1959"]
[BlackElo "2150"]
[PlyCount "58"]
[EventDate "2019.11.14"]
[EventType "swiss (blitz)"]
[EventRounds "11"]
[EventCountry "IRI"]
[SourceTitle "CBM 193 Extra"]
[Source "ChessBase"]
[SourceDate "2020.01.31"]
[SourceVersion "1"]
[SourceVersionDate "2020.01.31"]
[SourceQuality "1"]

1. e4 d6 2. d4 g6 3. Nc3 Bg7 4. Be3 c6 5. f3 b5 6. Qd2 Nd7 7. h4 h5 8. Nh3 a6 9. Ng5 Ngf6 10. e5 dxe5 11. dxe5 Nxe5 12. Qxd8+ Kxd8 13. f4 Neg4 14. Bc5 Ke8 15. a4 Bb7 16. 0-0-0 Nd7 17. Bd4 Bxd4 18. Rxd4 c5 19. Rd2 b4 20. Nd5 Rc8 21. Bc4 e6 22. Re1 Kf8 23. Ne3 Nb6 24. b3 Nxe3 25. Rxe3 Nd5 26. Re5 Kg7 27. g3 Rhd8 28. Bxd5 Rxd5 29. Rdxd5 Bxd5 0-1

[Event "IRI-ch blitz"]
[Site "Lorestan"]
[Date "2019.11.14"]
[Round "1"]
[White "Sedaghati, Mehrdad"]
[Black "Darini, Iliya"]
[Result "1-0"]
[WhiteElo "2150"]
[BlackElo "1753"]
[PlyCount "65"]
[EventDate "2019.11.14"]
[EventType "swiss (blitz)"]
[EventRounds "11"]
[EventCountry "IRI"]
[SourceTitle "CBM 193 Extra"]
[Source "ChessBase"]
[SourceDate "2020.01.31"]
[SourceVersion "1"]
[SourceVersionDate "2020.01.31"]
[SourceQuality "1"]

1. g3 d5 2. Bg2 Nf6 3. c4 c6 4. Nf3 dxc4 5. Na3 Be6 6. Qc2 g6 7. Nxc4 Bg7 8. 0-0 0-0 9. d3 Nbd7 10. Ng5 Bd5 11. e4 Bxc4 12. dxc4 e5 13. Be3 Qc7 14. h3 Bh6 15. Ne6 fxe6 16. Bxh6 Rfd8 17. h4 a5 18. Be3 Nf8 19. Bg5 N8d7 20. Bh3 Qd6 21. c5 Qxc5 22. Qxc5 Nxc5 23. Bxf6 Rd2 24. Bxe5 Re2 25. Rfe1 Rxe1+ 26. Rxe1 Nd3 27. Bxe6+ Kf8 28. Bd6+ Ke8 29. Rd1 Nxb2 30. Rb1 Rd8 31. e5 Nd3 32. Rxb7 Ra8 33. Rxh7 1-0

[Event "Avicenna op 16th"]
[Site "Hamedan"]
[Date "2019.09.15"]
[Round "5"]
[White "Sedaghati, Mehrdad"]
[Black "Quparadze, Giga"]
[Result "0-1"]
[WhiteElo "2258"]
[BlackElo "2462"]
[PlyCount "74"]
[EventDate "2019.09.12"]
[EventType "swiss"]
[EventRounds "9"]
[EventCountry "IRI"]
[SourceTitle "EXT 2020"]
[Source "ChessBase"]
[SourceDate "2019.10.17"]
[SourceVersion "1"]
[SourceVersionDate "2019.10.17"]
[SourceQuality "1"]

1. e4 c5 2. Nf3 e6 3. d3 Nc6 4. g3 Bd6 5. Bg2 Nge7 6. 0-0 0-0 7. Nc3 a6 8. d4 cxd4 9. Nxd4 Be5 10. Be3 d6 11. Qd2 Nxd4 12. Bxd4 Nc6 13. Be3 Na5 14. Qd3 Qc7 15. Rad1 Bd7 16. f4 Bxc3 17. Qxc3 Qxc3 18. bxc3 Bb5 19. Rf2 Nc4 20. Bc1 Rac8 21. Bf1 Rc6 22. Rd4 Rfc8 23. Rf3 h6 24. Kf2 Nb6 25. Bxb5 axb5 26. Ke1 d5 27. exd5 Nxd5 28. Bb2 Rc4 29. Kd2 f5 30. Rf1 Kf7 31. Ra1 Ra8 32. Kd3 Rac8 33. Kd2 g5 34. a4 Rxd4+ 35. cxd4 b4 36. a5 gxf4 37. gxf4 Rg8 0-1

[Event "Avicenna op 16th"]
[Site "Hamedan"]
[Date "2019.09.14"]
[Round "3"]
[White "Sedaghati, Mehrdad"]
[Black "Molaei, Mohammadamin"]
[Result "1-0"]
[WhiteElo "2258"]
[BlackElo "2348"]
[PlyCount "77"]
[EventDate "2019.09.12"]
[EventType "swiss"]
[EventRounds "9"]
[EventCountry "IRI"]
[SourceTitle "EXT 2020"]
[Source "ChessBase"]
[SourceDate "2019.10.17"]
[SourceVersion "1"]
[SourceVersionDate "2019.10.17"]
[SourceQuality "1"]

1. e4 c5 2. Nf3 Nc6 3. Bb5 g6 4. Bxc6 dxc6 5. d3 Bg7 6. h3 Nf6 7. 0-0 0-0 8. Nc3 Qc7 9. Be3 b6 10. a4 a5 11. Nd2 Nh5 12. f4 Bd4 13. Bxd4 cxd4 14. Ne2 c5 15. Qe1 Ng7 16. Nc4 Bd7 17. b3 Rfb8 18. f5 gxf5 19. Nf4 Bc6 20. exf5 Nxf5 21. Nh5 Ne3 22. Nxe3 dxe3 23. Qxe3 Qd6 24. Rf4 Kh8 25. Re1 Rg8 26. g4 Bd5 27. Qxe7 Qxe7 28. Rxe7 Rg6 29. Nf6 Be6 30. Rb7 Kg7 31. Nh5+ Kh6 32. Kf2 Bd5 33. Rd7 Be6 34. Re7 Rb8 35. Re4 Rd8 36. Nf4 Rf6 37. Kg3 Rd4 38. Rxd4 cxd4 39. h4 1-0

[Event "Khomeyn Aftab Cup op 3rd"]
[Site "Khomeyn"]
[Date "2019.08.26"]
[Round "6"]
[White "Veisi, Bardia"]
[Black "Sedaghati, Mehrdad"]
[Result "1-0"]
[WhiteElo "2221"]
[BlackElo "2200"]
[PlyCount "38"]
[EventDate "2019.08.23"]
[EventType "swiss"]
[EventRounds "9"]
[EventCountry "IRI"]
[SourceTitle "EXT 2020"]
[Source "ChessBase"]
[SourceDate "2019.10.17"]
[SourceVersion "1"]
[SourceVersionDate "2019.10.17"]
[SourceQuality "1"]

1. d4 Nf6 2. c4 e6 3. Nf3 b6 4. g3 Ba6 5. Qc2 Bb7 6. Bg2 c5 7. d5 exd5 8. cxd5 Bxd5 9. Nc3 Bc6 10. Bf4 Be7 11. e4 Na6 12. Ne5 Nb4 13. Qb3 0-0 14. 0-0 Bb7 15. Rfd1 Qe8 16. Nc4 Qc8 17. Bd6 Qe8 18. e5 Bxg2 19. exf6 Bc6 1-0

[Event "Khomeyn Aftab Cup op 3rd"]
[Site "Khomeyn"]
[Date "2019.08.24"]
[Round "2"]
[White "Gholami Orimi, Mahdi"]
[Black "Sedaghati, Mehrdad"]
[Result "0-1"]
[WhiteElo "2442"]
[BlackElo "2200"]
[PlyCount "124"]
[EventDate "2019.08.23"]
[EventType "swiss"]
[EventRounds "9"]
[EventCountry "IRI"]
[SourceTitle "EXT 2020"]
[Source "ChessBase"]
[SourceDate "2019.10.17"]
[SourceVersion "1"]
[SourceVersionDate "2019.10.17"]
[SourceQuality "1"]

1. d4 d5 2. c4 c6 3. Nc3 Nf6 4. e3 a6 5. Nf3 b5 6. b3 Bf5 7. Be2 e6 8. 0-0 Nbd7 9. Bb2 h6 10. Bd3 Bxd3 11. Qxd3 Be7 12. a3 Rb8 13. c5 a5 14. b4 0-0 15. Ne2 Qc7 16. Nd2 Ra8 17. Nb3 a4 18. Nd2 e5 19. Qf5 exd4 20. Nxd4 Rfe8 21. f4 Bf8 22. Rf3 g6 23. Qc2 Bg7 24. Kh1 Ne4 25. Rg1 Ndf6 26. g4 Kh7 27. Nf1 Qd7 28. Qg2 Re7 29. h4 Rg8 30. Nh2 Ree8 31. Rff1 Bh8 32. Nhf3 h5 33. gxh5 Nxh5 34. Qh2 f6 35. Rg2 Bg7 36. Rfg1 Bh6 37. Rg4 Rg7 38. Qc2 Rge7 39. Kh2 Rg7 40. Ne2 Rgg8 41. Ned4 Rg7 42. Ne1 f5 43. R4g2 Nef6 44. Re2 Ng4+ 45. Rxg4 fxg4 46. Nd3 g3+ 47. Kg2 Qg4 48. Nf3 Rge7 49. Nde5 Qf5 50. Qd2 Re6 51. Kg1 Qe4 52. Re1 Rc8 53. Qc3 Qf5 54. Nd4 Qh3 55. Qc2 Rxe5 56. fxe5 Rf8 57. Qg2 Qxg2+ 58. Kxg2 Rf2+ 59. Kg1 Rxb2 60. Nxc6 Rb3 61. e6 Bxe3+ 62. Kh1 Nf4 0-1

[Event "Caspian Cup 17th"]
[Site "Bandar e Anzali"]
[Date "2019.02.15"]
[Round "4"]
[White "Mirzoev, Azer"]
[Black "Sedaghati, Mehrdad"]
[Result "1-0"]
[WhiteElo "2483"]
[BlackElo "2219"]
[PlyCount "81"]
[EventDate "2019.02.12"]
[EventType "swiss"]
[EventRounds "9"]
[EventCountry "IRI"]
[SourceTitle "CBM 189 Extra"]
[Source "ChessBase"]
[SourceDate "2019.06.03"]
[SourceVersion "1"]
[SourceVersionDate "2019.06.03"]
[SourceQuality "1"]

1. d4 Nf6 2. Nf3 e6 3. c4 b6 4. Nc3 Bb7 5. Qc2 Bb4 6. a3 Bxc3+ 7. Qxc3 Ne4 8. Qc2 0-0 9. g3 f5 10. Bg2 Qc8 11. 0-0 Nf6 12. Rd1 Be4 13. Qc3 d6 14. b3 Nbd7 15. Bb2 Qb7 16. Rac1 Rae8 17. Bf1 Qb8 18. b4 Ba8 19. d5 e5 20. Qc2 g6 21. Bg2 Bb7 22. Ng5 Re7 23. e3 Rfe8 24. f4 Bc8 25. h3 Nh5 26. Kh2 Ng7 27. Ba1 Bb7 28. Qd2 Qa8 29. fxe5 Nxe5 30. e4 Rf8 31. Rf1 Qe8 32. exf5 Rxf5 33. Rxf5 Nxf5 34. Ne4 Qa4 35. Qc3 Rf7 36. g4 Ne7 37. Qe3 Qd7 38. Ng5 Rf6 39. Bxe5 dxe5 40. Qxe5 Rf2 41. Ne4 1-0

[Event "Aftab Cup op 2nd"]
[Site "Khomein"]
[Date "2018.08.28"]
[Round "5"]
[White "Sedaghati, Mehrdad"]
[Black "Mosadeghpour, Masoud"]
[Result "0-1"]
[WhiteElo "2228"]
[BlackElo "2525"]
[PlyCount "90"]
[EventDate "2018.08.25"]
[EventType "swiss"]
[EventRounds "9"]
[EventCountry "IRI"]
[SourceTitle "CBM 186 Extra"]
[Source "ChessBase"]
[SourceDate "2018.08.24"]
[SourceVersion "1"]
[SourceVersionDate "2018.08.24"]
[SourceQuality "1"]

1. e4 c6 2. d4 d5 3. exd5 cxd5 4. Bd3 Nc6 5. c3 g6 6. Nf3 Qc7 7. 0-0 Nf6 8. Bg5 Bg7 9. Nbd2 0-0 10. Qb3 e6 11. Bh4 Nh5 12. Rfe1 h6 13. Rac1 g5 14. Bg3 Nxg3 15. hxg3 Bd7 16. Bb1 Rac8 17. Qc2 f5 18. g4 Qd6 19. gxf5 exf5 20. Qb3 b5 21. a3 Rcd8 22. Re2 g4 23. Nh4 Ne7 24. g3 Bf6 25. Ng2 Bg5 26. Rce1 Ng6 27. Nf1 a6 28. Nfe3 Ne7 29. Ba2 Bc8 30. Nc2 Kh8 31. Nb4 f4 32. gxf4 Bf6 33. Bb1 g3 34. fxg3 Rg8 35. Kf2 Bg4 36. Re3 Rdf8 37. Rh1 h5 38. Ba2 Rd8 39. Nd3 Nf5 40. Ne5 Bxe5 41. fxe5 Qh6 42. Rd3 Rdf8 43. Kg1 Be2 44. Qc2 Bxd3 45. Qxd3 Nxg3 0-1

[Event "Avicenna op 15th"]
[Site "Hamedan"]
[Date "2018.08.24"]
[Round "9"]
[White "Rastbod, Ali"]
[Black "Sedaghati, Mehrdad"]
[Result "0-1"]
[WhiteElo "2311"]
[BlackElo "2228"]
[PlyCount "122"]
[EventDate "2018.08.17"]
[EventType "swiss"]
[EventRounds "9"]
[EventCountry "IRI"]
[SourceTitle "CBM 186 Extra"]
[Source "ChessBase"]
[SourceDate "2018.08.24"]
[SourceVersion "1"]
[SourceVersionDate "2018.08.24"]
[SourceQuality "1"]

1. d4 Nf6 2. c4 e6 3. g3 d5 4. Bg2 Be7 5. Nf3 0-0 6. 0-0 dxc4 7. Ne5 Nc6 8. Nxc6 bxc6 9. Na3 Bxa3 10. bxa3 Nd5 11. Qa4 Nb6 12. Qa5 Bb7 13. Rd1 Qd7 14. a4 Rfb8 15. Ba3 h6 16. Bc5 Qe8 17. e3 Bc8 18. Rac1 Bd7 19. h4 Qc8 20. Bf3 Be8 21. Kg2 f5 22. Ba3 Bd7 23. Re1 Qe8 24. Qe5 Nxa4 25. Qxc7 Nb6 26. Qd6 Rb7 27. e4 Qf7 28. Rc3 Rc8 29. exf5 exf5 30. Rce3 Qf6 31. Qb4 f4 32. Re5 fxg3 33. fxg3 Bh3+ 34. Kxh3 Qxf3 35. Re8+ Rxe8 36. Rxe8+ Kh7 37. Qf8 Qxf8 38. Rxf8 c3 39. Bc1 Nd5 40. Rc8 Rb6 41. h5 c2 42. Bd2 Nb4 43. a3 Nd3 44. d5 c5 45. Rc6 Rb7 46. a4 c1Q 47. Bxc1 Nxc1 48. Rxc5 Nd3 49. Rc6 Ne5 50. Re6 Nd7 51. Re7 Kg8 52. d6 Kf8 53. a5 a6 54. g4 Nc5 55. Rc7 Rb5 56. d7 Ne6 57. Rc6 Ng5+ 58. Kg3 Rd5 59. Rc8+ Ke7 60. Rg8 Ne6 61. Ra8 Rxa5 0-1

[Event "Avicenna op 15th"]
[Site "Hamedan"]
[Date "2018.08.23"]
[Round "8"]
[White "Sedaghati, Mehrdad"]
[Black "Gara, Ticia"]
[Result "1-0"]
[WhiteElo "2228"]
[BlackElo "2358"]
[PlyCount "108"]
[EventDate "2018.08.17"]
[EventType "swiss"]
[EventRounds "9"]
[EventCountry "IRI"]
[SourceTitle "CBM 186 Extra"]
[Source "ChessBase"]
[SourceDate "2018.08.24"]
[SourceVersion "1"]
[SourceVersionDate "2018.08.24"]
[SourceQuality "1"]

1. e4 c5 2. Nf3 e6 3. d4 cxd4 4. Nxd4 Nc6 5. Nc3 Qc7 6. Be3 a6 7. Be2 Nf6 8. 0-0 Bb4 9. Na4 0-0 10. Nxc6 bxc6 11. Nb6 Rb8 12. Nxc8 Rbxc8 13. Bxa6 Rb8 14. Bd3 Bd6 15. h3 Be5 16. b3 Bxa1 17. Qxa1 e5 18. f4 d6 19. fxe5 dxe5 20. a4 Qa5 21. Rf5 Nd7 22. Bc4 g6 23. Rf2 Nc5 24. Qf1 Rb7 25. Bh6 Nxe4 26. Bxf8 Nxf2 27. Bh6 Ne4 28. Qd3 Nf6 29. Qd6 Qe1+ 30. Bf1 Qf2+ 31. Kh2 Ng4+ 32. hxg4 Qh4+ 33. Kg1 Qxh6 34. Qxe5 Qf8 35. a5 c5 36. a6 Qe7 37. Qxe7 Rxe7 38. c3 Kf8 39. b4 cxb4 40. cxb4 Ke8 41. b5 Kd8 42. b6 Kc8 43. a7 Kb7 44. g3 Re8 45. Bg2+ Kxb6 46. a8Q Rxa8 47. Bxa8 Kc5 48. Kf2 Kd4 49. Kf3 Ke5 50. Bc6 h5 51. Be8 Kf6 52. gxh5 gxh5 53. Kf4 h4 54. g4 Kg6 1-0

[Event "Shiraz Farvardin op"]
[Site "Shiraz"]
[Date "2018.04.14"]
[Round "5"]
[White "Sedaghati, Mehrdad"]
[Black "Mousavi, Seyed Khalil"]
[Result "0-1"]
[WhiteElo "2285"]
[BlackElo "2470"]
[PlyCount "62"]
[EventDate "2018.04.11"]
[EventType "swiss"]
[EventRounds "11"]
[EventCountry "IRI"]
[SourceTitle "CBM 187 Extra"]
[Source "ChessBase"]
[SourceDate "2018.11.04"]
[SourceVersion "1"]
[SourceVersionDate "2018.11.04"]
[SourceQuality "1"]

1. e4 e6 2. d4 d5 3. Nd2 a6 4. Ngf3 c5 5. exd5 exd5 6. dxc5 Bxc5 7. Bd3 Nc6 8. 0-0 Nge7 9. Nb3 Bd6 10. Bg5 0-0 11. c3 h6 12. Bh4 Bg4 13. Bg3 Bxg3 14. hxg3 Qb6 15. Re1 f5 16. Qd2 f4 17. Nh2 fxg3 18. Nxg4 h5 19. Re3 hxg4 20. Rxg3 Ne5 21. Re1 Qf6 22. Nd4 Rae8 23. Rge3 N7c6 24. Bf1 Qg5 25. Nb3 Re6 26. Be2 Rh6 27. Qxd5+ Kh8 28. g3 Qf5 29. Qg2 Nf3+ 30. Kf1 Qh7 31. Bxf3 gxf3 0-1

[Event "Bandar e Anzali Khazar Cup 16th"]
[Site "Bandar e Anzali"]
[Date "2018.02.27"]
[Round "1"]
[White "Pourramezanali, Amirreza"]
[Black "Sedaghati, Mehrdad"]
[Result "1-0"]
[WhiteElo "2538"]
[BlackElo "2279"]
[PlyCount "104"]
[EventDate "2018.02.27"]
[EventType "swiss"]
[EventRounds "9"]
[EventCountry "IRI"]
[SourceTitle "CBM 183 Extra"]
[Source "ChessBase"]
[SourceDate "2018.04.19"]
[SourceVersion "1"]
[SourceVersionDate "2018.04.19"]
[SourceQuality "1"]

1. e4 c5 2. Nf3 d6 3. Bb5+ Nd7 4. d4 cxd4 5. Qxd4 a6 6. Bxd7+ Bxd7 7. Bg5 Rc8 8. Nc3 Bg4 9. 0-0-0 Qa5 10. Bh4 Bxf3 11. gxf3 Qc5 12. Kb1 b5 13. a4 b4 14. Qxc5 Rxc5 15. Na2 a5 16. Nc1 Rh5 17. Bg3 Nf6 18. Nb3 Nd7 19. Rd5 Rxd5 20. exd5 Nb6 21. Rd1 g6 22. Nxa5 Bg7 23. Nc6 Kd7 24. Nxb4 Nxa4 25. c3 Bxc3 26. bxc3 Nxc3+ 27. Kc2 Nxd1 28. Kxd1 Rb8 29. Nc2 e5 30. dxe6+ fxe6 31. Ne3 Rf8 32. f4 Ra8 33. Ke2 Kc6 34. Bh4 Ra4 35. Bg5 h5 36. Ng2 Ra2+ 37. Kf3 Ra3+ 38. Ke2 Ra2+ 39. Kf3 Ra3+ 40. Ke2 Rh3 41. Kf1 Rxh2 42. Kg1 Rh3 43. Ne3 e5 44. Kg2 exf4 45. Kxh3 fxe3 46. Bxe3 Kd5 47. Bf4 Ke6 48. Kh4 d5 49. Kg5 d4 50. Kxg6 h4 51. Kg5 h3 52. Kg4 Kd5 1-0

[Event "Karoun Masters Cup 5th"]
[Site "Ahvaz"]
[Date "2018.02.22"]
[Round "7"]
[White "Tahbaz, Arash"]
[Black "Sedaghati, Mehrdad"]
[Result "1-0"]
[WhiteElo "2456"]
[BlackElo "2215"]
[PlyCount "109"]
[EventDate "2018.02.17"]
[EventType "swiss"]
[EventRounds "9"]
[EventCountry "IRI"]
[SourceTitle "CBM 183 Extra"]
[Source "ChessBase"]
[SourceDate "2018.04.19"]
[SourceVersion "1"]
[SourceVersionDate "2018.04.19"]
[SourceQuality "1"]

1. d4 Nf6 2. Nf3 e6 3. g3 d5 4. Bg2 Be7 5. 0-0 0-0 6. c4 dxc4 7. Qc2 a6 8. a4 Bd7 9. Qxc4 Bc6 10. Bf4 a5 11. Nc3 Na6 12. Rfe1 Nb4 13. Rac1 Nfd5 14. Ne5 Nxf4 15. gxf4 Bxg2 16. Kxg2 c6 17. e3 Nd5 18. Ne4 Nb6 19. Qc2 Qd5 20. f3 f6 21. Nd3 Bb4 22. Nxb4 axb4 23. b3 Qh5 24. Nc5 Qf7 25. e4 Rad8 26. Rcd1 Rfe8 27. Qd2 Nc8 28. Qxb4 b6 29. Nd3 Rd7 30. Qc4 Ne7 31. Kh1 Red8 32. Nf2 Ng6 33. Qxc6 Nxf4 34. Qc1 g5 35. Qe3 Qe7 36. Rd2 Qb4 37. Red1 Rc7 38. d5 e5 39. Ng4 Kg7 40. Qg1 Rdd7 41. h4 Qxb3 42. Rf1 Ng6 43. hxg5 fxg5 44. Ne3 Rc3 45. Nf5+ Kf7 46. Rb1 Qc4 47. Qxb6 Nf8 48. Kg2 Rc2 49. Rb2 Rxd2+ 50. Rxd2 Qxa4 51. Qh6 Qa1 52. Rc2 Kg8 53. Qxg5+ Ng6 54. Rc8+ Kf7 55. Nh6+ 1-0

[Event "IRI-chT 16th"]
[Site "Sari"]
[Date "2017.12.01"]
[Round "5.4"]
[White "Shiri, Alireza"]
[Black "Sedaghati, Mehrdad"]
[Result "1/2-1/2"]
[WhiteElo "1828"]
[BlackElo "2220"]
[PlyCount "153"]
[EventDate "2017.09.13"]
[EventType "team-swiss"]
[EventRounds "11"]
[EventCountry "IRI"]
[SourceTitle "EXT 2019"]
[Source "ChessBase"]
[SourceDate "2018.10.10"]
[SourceVersion "1"]
[SourceVersionDate "2018.10.10"]
[SourceQuality "1"]
[WhiteTeam "Ardabil"]
[BlackTeam "Bandarabbas Azad Univ"]
[WhiteTeamCountry "IRI"]
[BlackTeamCountry "IRI"]

1. e4 c5 2. Nf3 d6 3. Bb5+ Nd7 4. 0-0 Ngf6 5. d4 cxd4 6. Qxd4 g6 7. e5 dxe5 8. Qxe5 Bg7 9. Re1 e6 10. Qd6 Qe7 11. Qxe7+ Kxe7 12. Nbd2 a6 13. Bf1 b5 14. a4 b4 15. a5 Bb7 16. Nc4 Bxf3 17. gxf3 Nd5 18. Bd2 Rhc8 19. Rad1 Rc6 20. Bg5+ Kf8 21. b3 Ra7 22. Bh3 N7f6 23. Bf1 Ra8 24. Be3 Nd7 25. Bd4 Bxd4 26. Rxd4 Rc5 27. Bd3 N7f6 28. Ra1 Ra7 29. Nb6 Kg7 30. Bc4 Ne7 31. Rd6 Nc6 32. Na4 Rg5+ 33. Kf1 Nxa5 34. Rxa6 Rxa6 35. Bxa6 Nd5 36. Nb2 Nc6 37. Nd3 Nd4 38. Ne1 Rh5 39. Kg1 Re5 40. Kf1 Rh5 41. Kg1 Nf4 42. Bf1 Re5 43. Kh1 Rc5 44. Ra2 Rc3 45. Bg2 g5 46. Kg1 Kf6 47. Kf1 h5 48. Kg1 h4 49. h3 Ng6 50. Bf1 Ne5 51. Bg2 Nexf3+ 52. Bxf3 Nxf3+ 53. Nxf3 Rxf3 54. Kg2 Rc3 55. Ra4 Rxc2 56. Rxb4 Kf5 57. Rb7 f6 58. b4 e5 59. b5 Rb2 60. b6 Kf4 61. Rb8 f5 62. b7 e4 63. Kg1 Rb1+ 64. Kg2 Rb3 65. Kh2 Rb2 66. Kg1 Rb5 67. Kg2 Rb1 68. Kh2 Kf3 69. Rf8 Rxb7 70. Rxf5+ Ke2 71. Kg2 Rg7 72. Rf8 g4 73. Rf4 gxh3+ 74. Kxh3 Kd3 75. Kxh4 Rg1 76. Kh3 Rg5 77. Kh2 1/2-1/2

[Event "Avicenna op 14th"]
[Site "Hamedan"]
[Date "2017.08.21"]
[Round "1"]
[White "Sedaghati, Mehrdad"]
[Black "Bosiocic, Marin"]
[Result "1/2-1/2"]
[WhiteElo "2228"]
[BlackElo "2623"]
[PlyCount "123"]
[EventDate "2017.08.21"]
[EventType "swiss"]
[EventRounds "9"]
[EventCountry "IRI"]
[SourceTitle "CBM 180 Extra"]
[Source "ChessBase"]
[SourceDate "2017.10.06"]
[SourceVersion "1"]
[SourceVersionDate "2017.10.06"]
[SourceQuality "1"]

1. e4 c5 2. Nc3 Nc6 3. g3 g6 4. Bg2 Bg7 5. d3 d6 6. Be3 Nf6 7. h3 0-0 8. Qd2 Rb8 9. Nge2 b5 10. Bh6 e5 11. 0-0 Nd4 12. Bxg7 Kxg7 13. Kh2 b4 14. Nd1 d5 15. exd5 Nxd5 16. Ne3 Nxe3 17. Qxe3 Qd6 18. Nxd4 cxd4 19. Qd2 Be6 20. f4 Rb5 21. fxe5 Rxe5 22. Qf4 Rd8 23. Rae1 Rf5 24. Qxd6 Rxd6 25. Rxf5 gxf5 26. Re5 Bxa2 27. Rxf5 Bb1 28. Be4 Bxc2 29. Rg5+ Kf8 30. Rb5 b3 31. Ra5 Rd7 32. g4 h6 33. Kg3 Rc7 34. Kf4 Bb1 35. Ke5 Rc2 36. Rxa7 Rxb2 37. Rb7 Kg7 38. Kxd4 Rh2 39. Rxb3 Ba2 40. Rb6 Rxh3 41. Ke5 Re3 42. Kf4 Re1 43. Ra6 Rf1+ 44. Ke5 Be6 45. Bf5 Bxf5 46. gxf5 h5 47. Ra4 f6+ 48. Ke4 Kh6 49. Ra8 h4 50. Rh8+ Kg5 51. Rg8+ Kh5 52. Rh8+ Kg4 53. Rg8+ Kh3 54. Rg6 Re1+ 55. Kd4 Ra1 56. Rxf6 Kg4 57. Rh6 Kxf5 58. Ke3 Kg4 59. Kf2 Ra2+ 60. Kg1 Rd2 61. Ra6 Kh3 62. Ra1 1/2-1/2

[Event "Fajr op 25th"]
[Site "Sareyn"]
[Date "2017.02.04"]
[Round "11"]
[White "Sedaghati, Mehrdad"]
[Black "Tsomaia, Nikoloz"]
[Result "1-0"]
[WhiteElo "2315"]
[BlackElo "2246"]
[PlyCount "71"]
[EventDate "2017.01.28"]
[EventType "swiss"]
[EventRounds "11"]
[EventCountry "IRI"]
[SourceTitle "CBM 176 Extra"]
[Source "ChessBase"]
[SourceDate "2017.03.02"]
[SourceVersion "1"]
[SourceVersionDate "2017.03.02"]
[SourceQuality "1"]

1. e4 d6 2. d4 Nf6 3. Nc3 e5 4. dxe5 dxe5 5. Qxd8+ Kxd8 6. Nf3 Bd6 7. Bc4 Be6 8. Bxe6 fxe6 9. Be3 Ke7 10. 0-0-0 a6 11. Nd2 b5 12. f3 Nc6 13. Nb3 Rhg8 14. Kb1 Nh5 15. Rd2 Nf4 16. h4 Ng6 17. h5 Nf8 18. h6 g6 19. Rhd1 Nd7 20. Bg5+ Kf7 21. g3 Nb6 22. f4 b4 23. Rf2 exf4 24. Ne2 Rgf8 25. gxf4 Kg8 26. Rg2 Nc4 27. Rgg1 a5 28. e5 a4 29. Nbd4 Nxd4 30. Rxd4 Nxe5 31. fxe5 Bc5 32. Rgd1 Bxd4 33. Nxd4 Rf2 34. Nxe6 Re8 35. Nc5 Rxe5 36. Nd3 1-0

[Event "Rasht Khazar op 15th"]
[Site "Rasht"]
[Date "2017.01.24"]
[Round "6"]
[White "Firouzja, Alireza"]
[Black "Sedaghati, Mehrdad"]
[Result "1-0"]
[WhiteElo "2456"]
[BlackElo "2315"]
[PlyCount "77"]
[EventDate "2017.01.20"]
[EventType "swiss"]
[EventRounds "9"]
[EventCountry "IRI"]
[SourceTitle "CBM 176 Extra"]
[Source "ChessBase"]
[SourceDate "2017.03.02"]
[SourceVersion "1"]
[SourceVersionDate "2017.03.02"]
[SourceQuality "1"]

1. e4 c5 2. Nf3 d6 3. d4 cxd4 4. Nxd4 Nf6 5. Nc3 a6 6. h3 e6 7. g4 b5 8. g5 Nfd7 9. a3 Bb7 10. h4 Be7 11. Be3 Nb6 12. Rg1 N8d7 13. h5 g6 14. Nb3 Rc8 15. f4 d5 16. Qd4 Rg8 17. hxg6 hxg6 18. Rh1 dxe4 19. Rh8 Rxh8 20. Qxh8+ Nf8 21. Bd4 Na4 22. Nd1 Qc7 23. Be5 Bd6 24. Bg7 Qxc2 25. Nd4 Qc5 26. b4 Qc7 27. Nxb5 axb5 28. Bxb5+ Bc6 29. Rc1 Bxb5 30. Rxc7 Rxc7 31. Bxf8 Bxf8 32. Qe5 Rb7 33. Qxe4 Rd7 34. Qe5 Rd5 35. Qb8+ Ke7 36. Ne3 Rd3 37. Ng4 Nc3 38. Qc7+ Bd7 39. Qc5+ 1-0